LEADER 01246nam0 22003011i 450 001 UON00132073 005 20231205102800.632 100 $a20020107d1922 |0itac50 ba 101 $aeng$aCHI 102 $aCN 105 $a|||| 1|||| 200 1 $aˆA ‰Course of Mandarin lessons, based on idiom$fby Rev. C.W. Mateer 205 $aRev. 1906 210 $aShanghai$cPresbyterian Mission Press$d1922 215 $alv, 786 p.$c1 c. ripieg.$d28 cm 606 $aLingua cinese$3UONC001672$2FI 606 $aLingua cinese$xCinese classico$3UONC018042$2FI 620 $aCN$dShanghai$3UONL000143 686 $aRARI CIN II B$cRARI - CINA - LINGUISTICA - GRAMMATICHE$2A 700 1$aMateer$bCalvin Wilson$3UONV081105$01589499 712 $aPresbyterian Mission Press$3UONV247799$4650 801 $aIT$bSOL$c20250516$gRICA 899 $aSIBA - SISTEMA BIBLIOTECARIO DI ATENEO$2UONSI 912 $aUON00132073 950 $aSIBA - SISTEMA BIBLIOTECARIO DI ATENEO$dSI RARI CIN II B 004 $eSI MR 5561 7 004 966 $aLINGUA CINESE CLASSICA$zLingua cinese - Cinese classico$3UONC008058 996 $aCourse of Mandarin lessons, based on idiom$93896356 997 $aUNIOR